000 00483nam a2200193Ia 4500
005 20230404094525.0
008 131103s9999 xx 000 0 und d
040 _aLoreto College
041 _aEnglish
082 _aTAG 891.441
_bTAG
100 _aTagore, Rabindranath
245 _aJanmadine
_cRabindranath Tagore
260 _aCalcutta
_bViswa-Bharati
_c1941
300 _a29p
650 _aBengali Literature
651 _aBengali Poetry
850 _aLCLIB
942 _cBK
999 _c16783
_d67262